000 00671nam a22002057a 4500
005 20251108172744.0
008 250721s2013 xx 000 0 ara d
082 1 4 _aم/956.08/موس
100 1 _aالموسى، سليمان
245 1 0 _aالحركة العربية سيرة المرحلة الأولى للنهضة الحديثة 1908-1924 /
250 _aط4.
264 1 _aعمان :
_bدار ورد للنشر والتوزيع،
_c2013.
300 _a733ص.
650 1 7 _aالتاريخ
650 1 7 _aالتاريخ العربي
650 1 7 _aالنهضة العربية
650 1 7 _aالنهضة الحديثة
942 _2ddc
_cREF
999 _c87678
_d87678